| 000 | 01265cam a2200277 i 4500 | ||
|---|---|---|---|
| 003 | SA-RiAUC | ||
| 005 | 20250315124700.0 | ||
| 008 | 241024s1982 ii g 00000 ara c | ||
| 040 |
_aSA-JeALM _bara _cSA-RiAUC _erda |
||
| 082 | 0 | 4 | _a237.2 |
| 090 |
_a237.2 _b م ط ل |
||
| 100 | 1 |
_aالمطلبي القرشي،أبي عبد الله محمد بن إدريس الشافعي، _dتوفي 227 هجري _eمؤلف. |
|
| 245 | 1 | 2 |
_aالسنن / _c تأليف أبي عبد الله محمد بن إدريس الشافعي المطلبي القرشي ؛ حققه وعلق عليه وخرج أحاديثه خليل إبراهيم ملا خاطر. |
| 250 | _aالطبعة الأولى. | ||
| 264 | 1 |
_aجدة : _bدار القبلة للثقافة الاسلامية، _c1989 |
|
| 300 |
_c25 سم _aمجدات؛ |
||
| 336 |
_aنص _btxt _2rdacontent _3كتاب |
||
| 337 |
_aبدون وسيط _bn _2rdamedia |
||
| 338 |
_aمجلد _bnc _2rdacarrier |
||
| 650 | 7 |
_aالحديث _xأحكام _2aucsh |
|
| 650 | 7 |
_aالحديث _xجوامع الفنون _2aucsh |
|
| 650 | 7 |
_aالحديث _xجمع وتدوين _2aucsh |
|
| 700 | 1 |
_aخاطر, خليل إبراهيم ملا. _d1901-1995 _eمحقق. |
|
| 942 |
_2ddc _cBOOK _n0 |
||
| 949 |
_aSA-JeALM _d241024 _umohamedma123 _n1 |
||
| 999 |
_c1846 _d1846 |
||